| 000 | 003330000a22000970004500 | ||
|---|---|---|---|
| 100 | 1 | _aHoward, David M. | |
| 245 | 1 | 0 | _aOpportunity for a lifetime : "It is high and wonderful privilege to be a professional missionary" |
| 300 | _aVol. 76, Num. 4 (Octubre-Diciembre, 1996), Página 3 | ||
| 773 | 0 | _tLatin America Evangelist | |
| 942 | _cANA | ||
| 999 |
_c55034 _d55034 |
||